000 00216nam a22001217a 4500
040 _cHS
082 _a616
100 _aNA
245 _aIntestinal protozoa
260 _aNA
_bNA
_cNA
300 _a25p;
942 _cEK
999 _c10216
_d10216